000 00641nam a2200181 a 4500
008 120416s1996 ||||||||||||||||| || u
020 _a1557863601
050 _aHT 151 Sho
100 _aShort, John Rennie
245 1 4 _aThe urban order
246 _aan introduction to cities, culture, and power
260 _aOxford
_bBlackwell Publishers
_c1996.
300 _avi, 506 p. : ill.,
350 _a0.00
500 _aBibliography.
650 0 _aCITIES AND TOWNS--AFRICA
995 _D0.00
_FCBU-MAIN LIBRARY (Kitwe)
_H1
_I0.00
_UAVAILABLE
_WJun 7, 2006
_ZMain Library Open Access Collection
999 _c61042
_d61042